Statistiques concernant Villes belges par image

Cliquez ici pour prendre le quiz!

Statistiques générales

  • Ce quiz a été pris 163 fois
  • Le résultat moyen est 8 sur 15

Statistiques - réponses

Réponse% Correct
Bruxelles
95%
Bruges
91%
Liège
84%
Ostende
72%
Anvers
70%
Dinant
69%
Namur
68%
Gand
64%
Charleroi
47%
Louvain
42%
Mons
42%
Tournai
32%
Courtrai
21%
Ypres
20%
Malines
19%

Distribution des résultats

Percentile par nombre de réponses

% des personnes avec chaque résultat

Votre développement - résultats

Vous n’avez pas pris ce quiz